• 首页
  • 本馆介绍
  • 公告通知
  • 最新文献
  • 馆藏检索
  • 电子资源
  • 读者导购
  • 参考咨询
  • 我的图书馆
  • 登录
  • 详细信息显示
  • 放入我的书架
  • 预约/预借图书
  • 作者相关作品
  • 分类相关作品
  • 丛书相关作品
  • 出版社相关作品

书目信息

  • 表格格式
  • 工作单格式
  • 卡片格式
题名:
南京大屠杀
    
 
作者: 何建明 著
分册: 5  
出版信息: 北京   作家出版社  2022.01
页数: 193页
开本: 21cm
丛书名: 何建明文集
单 册:
中图分类: I253.8 , K265.606
科图分类:
主题词: 报告文学--bao gao wen xue--中国--当代 , 南京大屠杀--nan jing da tu sha--史料
电子资源:
ISBN: 978-7-5212-1475-8
000 01123nam 2200313 450
001 CAL 0120227362599
005 20230307141457.28
010    @a978-7-5212-1475-8@dCNY46.00
100    @a20220221d2022 em y0chiy0120 ea
101 0  @achi
102    @aCN@b110000
105    @ay z 000zy
106    @ar
200 1  @a南京大屠杀@Anan jing da tu sha@f何建明著@h5
210    @a北京@c作家出版社@d2022.01
215    @a193页@d21cm
225 2  @a何建明文集@Ahe jian ming wen ji@v7
225 2  @a人民文学头条@Aren min wen xue tou tiao
314    @a何建明, 著名作家, 中国报告文学学会会长, 三次获得鲁迅文学奖, 五次获得中宣部“五个一工程”奖, 出版和发表过五十余部重要作品。
330    @a本书内容包括: 1937年12月13日 ; 屠城: 金陵七日 ; 奸绝淫杀: 莫愁湖的哀号 ; 审判与证词 ; 十问国人。
410  0 @12001 @a何建明文集@v7
410  0 @12001 @a人民文学头条
606 0  @a报告文学@Abao gao wen xue@y中国@z当代
606 0  @a南京大屠杀@Anan jing da tu sha@j史料
690    @aI253.8@v5
690    @aK265.606@v5
701  0 @a何建明@Ahe jian ming@4著
801  0 @aCN@bBJXHZP@c20230228
905    @b1402992-3@dI253.8@e1258:5@f2
    
    南京大屠杀/何建明著.5.-北京:作家出版社,2022.01
    193页;21cm.-(何建明文集;7).-(人民文学头条)
    
    
    ISBN 978-7-5212-1475-8:CNY46.00
    本书内容包括: 1937年12月13日 ; 屠城: 金陵七日 ; 奸绝淫杀: 莫愁湖的哀号 ; 审判与证词 ; 十问国人。
●
相关链接 在E读中查询图书 在五车中查询图书 在当当中查询图书 在豆瓣中查询图书


正题名:南京大屠杀     索取号:I253.8/1258:5         预约/预借

序号 登录号 条形码 馆藏地/架位号 状态 备注
1 1402992   214029923   第一样本阅览室/ [索取号:I253.8/1258:5] 在馆    
2 1402993   214029932   第二借阅区/ [索取号:I253.8/1258:5] 在馆    
唐山师范学院图书馆 欢迎您!
大连网信软件有限公司© 版权所有